000 00955nam a2200241 i 4500
001 190744
003 ES-MaACL
005 20240410104214.0
008 220525s1973 sp d 000 0 spa d
100 1 _aMiravitlles, Carles.
_9174601
245 1 0 _aEstructura cristalina de la dihidracida malónica /
_cpor Carlos Miravitlles Torras.
260 _aBarcelona :
_b[Universidad, Facultad de Medicina],
_c1973.
300 _a24 p. :
_bgráf. ;
_c24 cm.
502 _aTesis-Univ. Barcelona (Extracto)
504 _aBibliografía: p. 24.
594 _aPrecede al tít.: Universidad de Barcelona. Secretariado de Publicaciones, Intercambio Científico y Extensión Universitaria
650 4 _aHidrazina.
_9174602
655 _aTesis y escritos académicos
_9226867
710 2 _aUniversidad de Barcelona.
_bFacultad de Medicina.
_97150
852 4 _aES-MaACL
_jP-1416 (8)
_9197926
_bR.68611
_cDEPO2
942 _2udc
999 _c190744
_d190744